<?xml version="1.0" encoding="UTF-8"?>
<record
    xmlns:xsi="http://www.w3.org/2001/XMLSchema-instance"
    xsi:schemaLocation="http://www.loc.gov/MARC21/slim http://www.loc.gov/standards/marcxml/schema/MARC21slim.xsd"
    xmlns="http://www.loc.gov/MARC21/slim">

  <leader>00964cam a2200289 i 4500</leader>
  <controlfield tag="001">1697121</controlfield>
  <controlfield tag="003">GBCCL</controlfield>
  <controlfield tag="005">20241126110351.0</controlfield>
  <controlfield tag="008">761006s1964    ii bd    b    001 0 eng d</controlfield>
  <datafield tag="035" ind1=" " ind2=" ">
    <subfield code="a">(OCoLC)ocn683613949</subfield>
  </datafield>
  <datafield tag="035" ind1=" " ind2=" ">
    <subfield code="a">1697121</subfield>
  </datafield>
  <datafield tag="040" ind1=" " ind2=" ">
    <subfield code="a">PTS</subfield>
    <subfield code="c">PTS</subfield>
    <subfield code="d">YUS</subfield>
  </datafield>
  <datafield tag="049" ind1=" " ind2=" ">
    <subfield code="a">YUTI</subfield>
  </datafield>
  <datafield tag="082" ind1=" " ind2=" ">
    <subfield code="a">270</subfield>
    <subfield code="b">GIB</subfield>
  </datafield>
  <datafield tag="099" ind1=" " ind2=" ">
    <subfield code="a">IE8</subfield>
    <subfield code="a">G354f</subfield>
  </datafield>
  <datafield tag="100" ind1="1" ind2=" ">
    <subfield code="a">Gibbs, Marion Euphemia,</subfield>
    <subfield code="d">1901-</subfield>
    <subfield code="9">1667</subfield>
  </datafield>
  <datafield tag="245" ind1="1" ind2="0">
    <subfield code="a">From Jerusalem to New Delhi :</subfield>
    <subfield code="b">the story of the Christian church /</subfield>
    <subfield code="c">by M. E. Gibbs.</subfield>
  </datafield>
  <datafield tag="260" ind1=" " ind2=" ">
    <subfield code="a">Madras :</subfield>
    <subfield code="b">Published for the Senate of Serampore College by the Christian Literature Society,</subfield>
    <subfield code="c">1964.</subfield>
  </datafield>
  <datafield tag="300" ind1=" " ind2=" ">
    <subfield code="a">xix, 369 p., [12] leaves of plates :</subfield>
    <subfield code="b">maps ;</subfield>
    <subfield code="c">19 cm.</subfield>
  </datafield>
  <datafield tag="490" ind1="0" ind2=" ">
    <subfield code="a">The Christian students' library ;</subfield>
    <subfield code="v">no. 32</subfield>
  </datafield>
  <datafield tag="500" ind1=" " ind2=" ">
    <subfield code="a">Includes index.</subfield>
  </datafield>
  <datafield tag="504" ind1=" " ind2=" ">
    <subfield code="a">Bibliography: p. [329]-336.</subfield>
  </datafield>
  <datafield tag="590" ind1=" " ind2=" ">
    <subfield code="a">DIV IE8 G354f: Gift: The Christian students' library.</subfield>
  </datafield>
  <datafield tag="650" ind1=" " ind2="0">
    <subfield code="a">Church history.</subfield>
    <subfield code="9">117</subfield>
  </datafield>
  <datafield tag="942" ind1=" " ind2=" ">
    <subfield code="2">ddc</subfield>
    <subfield code="c">BK</subfield>
    <subfield code="0">1</subfield>
  </datafield>
  <datafield tag="948" ind1=" " ind2=" ">
    <subfield code="a">RECON</subfield>
  </datafield>
  <datafield tag="999" ind1=" " ind2=" ">
    <subfield code="c">1002</subfield>
    <subfield code="d">1002</subfield>
  </datafield>
  <datafield tag="952" ind1=" " ind2=" ">
    <subfield code="0">0</subfield>
    <subfield code="1">0</subfield>
    <subfield code="2">ddc</subfield>
    <subfield code="4">0</subfield>
    <subfield code="7">0</subfield>
    <subfield code="a">GBC</subfield>
    <subfield code="b">GBC</subfield>
    <subfield code="c">CH</subfield>
    <subfield code="d">2017-04-03</subfield>
    <subfield code="l">1</subfield>
    <subfield code="o">270 GIB</subfield>
    <subfield code="p">001712</subfield>
    <subfield code="r">2025-05-01 00:00:00</subfield>
    <subfield code="s">2018-04-06</subfield>
    <subfield code="t">c.1</subfield>
    <subfield code="w">2017-04-03</subfield>
    <subfield code="y">BK</subfield>
  </datafield>
</record>
